Digital technology : (Record no. 176176)

000 -LEADER
fixed length control field 01044 a2200229 4500
003 - CONTROL NUMBER IDENTIFIER
control field Nust
005 - DATE AND TIME OF LATEST TRANSACTION
control field 20241108105622.0
010 ## - LIBRARY OF CONGRESS CONTROL NUMBER
LC control number 76047660
020 ## - INTERNATIONAL STANDARD BOOK NUMBER
International Standard Book Number 057421500X
040 ## - CATALOGING SOURCE
Transcribing agency Nust
082 00 - DEWEY DECIMAL CLASSIFICATION NUMBER
Classification number 004.16
100 1# - MAIN ENTRY--PERSONAL NAME
Personal name Williams, Gerald Earl,
9 (RLIN) 126802
245 10 - TITLE STATEMENT
Title Digital technology :
Remainder of title principles and practices /
Statement of responsibility, etc. Gerald E. Williams.
260 ## - PUBLICATION, DISTRIBUTION, ETC.
Place of publication, distribution, etc. Chicago :
Name of publisher, distributor, etc. Science Research Associates,
Date of publication, distribution, etc. c1977.
300 ## - PHYSICAL DESCRIPTION
Extent xvi, 464 p. ;
Other physical details ill. ;
Dimensions 25 cm.
505 ## - FORMATTED CONTENTS NOTE
Formatted contents note The Language of Logic (Page-1) Integrated Logic Circuits (Page-26) Flip Flops and Latches (Page-108) Clocks and Gated Interfacing (Page-138) Number systems And Codes (Page-172) Counter (Page-202) Shift Registers and Shift Register Counter (Page-247) Computer Arithmetic (Page-272) Memory Systems (Page-323) Interfacing (Page-372) An Introduction to Processors and Minicomputers (Page-421)
538 ## - SYSTEM DETAILS NOTE
System details note Almirah No. 2 and Shelf No. 6
650 #0 - SUBJECT ADDED ENTRY--TOPICAL TERM
Topical term or geographic name entry element Digital electronics.
650 #0 - SUBJECT ADDED ENTRY--TOPICAL TERM
Topical term or geographic name entry element Electronic digital computers.
650 #0 - SUBJECT ADDED ENTRY--TOPICAL TERM
Topical term or geographic name entry element Logic circuits.
9 (RLIN) 17982
942 ## - ADDED ENTRY ELEMENTS (KOHA)
Source of classification or shelving scheme
Koha item type Book
Holdings
Withdrawn status Lost status Source of classification or shelving scheme Damaged status Not for loan Permanent Location Current Location Date acquired Full call number Barcode Date last seen Price effective from Koha item type Collection code Total Checkouts
          Military College of Signals (MCS) Military College of Signals (MCS) 12/12/2016 004.16 ,WIL MCS222 12/08/2016 12/12/2016 Book    
          Military College of Signals (MCS) Military College of Signals (MCS) 12/12/2016 004.16 WIL MCS22260 12/08/2016 12/12/2016 Book    
© 2023 Central Library, National University of Sciences and Technology. All Rights Reserved.